|
|
|
|
| LEADER |
00000cam a2200000 7i4500 |
| 001 |
0000000630 |
| 005 |
20170207093000.0 |
| 008 |
021118s1982 |
| 090 |
0 |
0 |
|a B753.G3
|b A2 1982
|
| 100 |
0 |
|
|a عبود، عبد الغني ,
|e author
|
| 241 |
0 |
3 |
|a al-Fikr al-tarbawi inda al-Ghazali kama yabdu min risalat Ayyuha al-walad
|
| 245 |
1 |
2 |
|a الفكر التربوى عند الغزالي، كما يبدو من رسالة، ايها الولد
|c عبد الغنى عبود
|
| 260 |
2 |
|
|a Qahirah :
|b Dar al-Fikr al-Arabi ,
|c 1982
|
| 300 |
|
|
|a 250 p. ;
|c 24 cm.
|
| 504 |
|
|
|a Bibliography (p. 213-247)
|
| 600 |
0 |
0 |
|a Ghazzali ,
|d 1058-1111
|x Contributions in education
|
| 600 |
0 |
0 |
|a Ghazzali ,
|d 1058-1111
|t Ayyuha al-walad
|
| 650 |
|
0 |
|a Islamic education
|
| 650 |
|
0 |
|a Education
|x Philosophy
|
| 700 |
0 |
|
|a غزالي ,
|d 1058-1111
|t اهيا الولد ,
|e author
|
| 999 |
|
|
|a 1000013040
|b Book
|c OPEN SHELF (30 DAYS)
|e Gong Badak Campus
|